Význam domáceho dopytu exportu pre vybrané odvetvia na Slovensku

Postavenie vybraných odvetví v Slovenskej republike, s poukázaním na priame aj nepriame efekty konečného dopytu, či už domáceho alebo zahraničného, na ich produkciu. Zmeny v domácom a zahraničnom dopyte po komoditách na jednotlivé odvetvia z hľadiska času aj veľkosti efektov týchto zmien. Využitie L...

Full description

Saved in:
Bibliographic Details
Main Author: Lábaj, Martin, 1982-
Format: Book Chapter
Language:Slovak
Subjects:
Tags: Add Tag
No Tags, Be the first to tag this record!

MARC

LEADER 00000nla a2200000 4500
001 0174108
005 20240502072952.2
041 0 |a slo 
044 |a SK 
245 1 0 |a Význam domáceho dopytu exportu pre vybrané odvetvia na Slovensku  |c Martin Lábaj 
520 |a Postavenie vybraných odvetví v Slovenskej republike, s poukázaním na priame aj nepriame efekty konečného dopytu, či už domáceho alebo zahraničného, na ich produkciu. Zmeny v domácom a zahraničnom dopyte po komoditách na jednotlivé odvetvia z hľadiska času aj veľkosti efektov týchto zmien. Využitie Leontiefovho modelu pri odhaľovaní väzieb, ktoré nie sú na prvý pohľad zrejmé. 
610 2 0 |a Slovensko 
610 2 0 |a odvetvia činnosti ekonomickej 
610 2 0 |a produkcia 
610 2 0 |a dopyt 
610 2 0 |a modely input-output 
610 2 0 |a modely ekonomicko-matematické 
100 1 |a Lábaj, Martin, 1982-